Statistics for All Australian High Court Justices Ever

Click here to take the quiz!

General Stats

  • This quiz has been taken 4 times
  • The average score is 33 of 56

Answer Stats

YearsAppointed byStateJustices% Correct
28*1972 – 1995McMahonNSWAnthony Mason
100%
21903 – 1920DeakinNSWEdmund Barton
100%
141930 – 1976ScullinNSWEdward McTiernan
100%
24*1964 – 1981MenziesNSWGarfield Barwick
100%
131930 – 1940ScullinNSWH. V. Evatt
100%
4*1906 – 1931DeakinVic.Isaac Isaacs
100%
552021 –MorrisonNSWJacqueline Gleeson
100%
532017 –TurnbullWAJames Edelman
100%
562022 –AlbaneseNSWJayne Jagot
100%
371987 – 2003HawkeNSWMary Gaudron
100%
401996 – 2009KeatingNSWMichael Kirby
100%
381989 – 2005HawkeNSWMichael McHugh
100%
43*1998 – 2008HowardNSWMurray Gleeson
100%
12*1929 – 1964BruceVic.Owen Dixon
100%
542020 –MorrisonVic.Simon Steward
100%
46*2007 –HowardQldSusan Kiefel
100%
341982 – 1995FraserNSWWilliam Deane
100%
391995 – 2012KeatingNSWWilliam Gummow
100%
81913FisherNSWAlbert Piddington
67%
6*1913 – 1935FisherVic.Frank Gavan Duffy
67%
512015 – 2020AbbottVic.Geoffrey Nettle
67%
26*1970 – 1987GortonQldHarry Gibbs
67%
51906 – 1929DeakinVic.H. B. Higgins
67%
421998 – 2007HowardQldIan Callinan
67%
15*1935 – 1952LyonsVic.John Latham
67%
361987 – 1998HawkeWAJohn Toohey
67%
411997 – 2015HowardVic.Kenneth Hayne
67%
301975 – 1986WhitlamNSWLionel Murphy
67%
522015 –AbbottVic.Michelle Gordon
67%
502013 – 2022GillardQldPatrick Keane
67%
31903 – 1912DeakinNSWRichard O'Connor
67%
47*2008 – 2017RuddWARobert French
67%
1*1903 – 1919DeakinQldSamuel Griffith
67%
492012 –GillardNSWStephen Gageler
67%
452005 – 2015HowardVic.Susan Crennan
67%
482009 – 2021RuddNSWVirginia Bell
67%
10*1919 – 1930HughesNSWAdrian Knox
33%
251969 – 1973GortonNSWCyril Walsh
33%
351982 – 1997FraserVic.Daryl Dawson
33%
442003 – 2013HowardNSWDyson Heydon
33%
191950 – 1970MenziesNSWFrank Kitto
33%
33*1981 – 1998FraserQldGerard Brennan
33%
111920 – 1950HughesVic.Hayden Starke
33%
311976 – 1982FraserVic.Keith Aickin
33%
171946 – 1958ChifleyQldWilliam Webb
33%
201952 – 1969MenziesNSWAlan Taylor
0%
71913 – 1929FisherQldCharles Powers
0%
211958 – 1974MenziesVic.Douglas Menzies
0%
161940 – 1958MenziesNSWDudley Williams
0%
91913 – 1950FisherNSWGeorge Rich
0%
291974 – 1979WhitlamNSWKenneth Jacobs
0%
271972 – 1982McMahonVic.Ninian Stephen
0%
321979 – 1989FraserWARonald Wilson
0%
221958 – 1972MenziesNSWVictor Windeyer
0%
181950 – 1961MenziesVic.Wilfred Fullagar
0%
231961 – 1972MenziesNSWWilliam Owen
0%

Score Distribution

Percentile by Number Answered

Percent of People with Each Score

Your Score History

You have not taken this quiz